01440nam a2200265 a 4500001001000000003000900010005001700019007000300036008004100039040002500080082002300105100004700128245009400175260006700269300002700336590002600363651005700389651005200446910003700498942001400535952020300549952020400752952020100956999001701157000032424DO-SdBNP20230405142837.0ta110718s1943 dr a r 000 0 spa d aDO-SdBNPbspacBNPHU 4a917.293bM358e2221 aMarrero Aristy, Ramón,d1913-195992232410aEn la ruta de los libertadores :bimpresiones de un periodista /cRamón Marrero Aristy. aCiudad Trujillo, República Dominicana :bLa Nación,c1943. a92 p. :bil. ;c21 cm. aInventariado, 2018/BT 4aRepública DominicanaxDescripciones y viajes91651 4aObras PúblicaszRepública Dominicana958384 aValidado. Control de calidad MFF 2ddccLBS1 00102ddc51708PD-RVaBNPHUbBNPHUcHDd2011-07-18eDonaciónoBNPHU PD-RV 917.293 M358ep32424-10r2020-06-25w2020-06-25yLBS1zPerteneció a la biblioteca personal de Carlos Larrazabal Blanco 00102ddc51708PD-RVaBNPHUbBNPHUcHDd2011-07-18eDonaciónoBNPHU PD-RV 917.293 M358ep32424-20r2020-06-25te. 2w2020-06-25y1zPerteneció a la biblioteca personal de Germán Emilio Ornes. 00102ddc56708GR-RVaBNPHUbBNPHUcHDd2011-07-18eDonaciónoBNPHU DS-RV 917.293 M358ep32424-30r2020-06-25te. 3w2020-06-25yLBS1zPerteneció a la biblioteca personal de Martínez Boog. c31915d31915